| 000 | 00859nam a22002897a 4500 | ||
|---|---|---|---|
| 001 | 4643 | ||
| 003 | FISKH | ||
| 005 | 20240918150652.0 | ||
| 008 | 240918b cb ||||| |||| 00| 0 eng d | ||
| 020 | _a0590360361 | ||
| 040 |
_aFISKH _beng _cFISKH _dFISKH |
||
| 050 | _aPZ7.A953 | ||
| 082 | _2813.54 | ||
| 100 |
_aAvi _d1937- |
||
| 245 |
_aMidnight magic / _cAvi |
||
| 250 | _aFirst printing in 2000 | ||
| 260 |
_aNew York : _bScholastic, _c2000. |
||
| 300 |
_a 249 pages : _c20cm |
||
| 505 | _aP | ||
| 520 | _aIn Italy in 1491, Mangus the magician and his apprentice are summoned to the castle of Duke Claudio to determine if his daughter is indeed being haunted by a ghost. | ||
| 521 | 8 |
_a660L
_bLexile |
|
| 521 | 8 |
_aP
_bRaz-Plus |
|
| 650 |
_2Middle Ages _aGhosts |
||
| 650 |
_2Mystery _aPrincess |
||
| 942 |
_2ddc _cBK _n0 |
||
| 999 |
_c4643 _d4643 |
||